| 000 | 00500nam a2200181 i 4500 | ||
|---|---|---|---|
| 001 | 135206 | ||
| 003 | ES-MaACL | ||
| 005 | 20240126063010.0 | ||
| 007 | t| | ||
| 008 | 070711s1975 sp ||||1| spa d | ||
| 080 | _a882-311.6"18" | ||
| 100 | 1 |
_aTolstói, Lev, _d1828-1910 _9110489 |
|
| 245 | 1 | 3 |
_aLa guerra y la paz / _cLev Nikolaevich Tolstoï. |
| 260 |
_aMadrid : _bJ. Pérez del Hoyo, _c[1975] |
||
| 300 |
_a733 p. ; _c22 cm. |
||
| 852 |
_aES-MaACL _jL-784 _bR.101623 |
||
| 999 |
_c135206 _d135206 |
||